000 00287nam a22001337a 4500
008 181012b xxu||||| |||| 00| 0 eng d
020 _a030014008952
041 _aeng
080 _a371
100 _a46
101 _aEDU
245 _aGrowing Up Writing
_cLamme,L.L
942 _2udc
_cBK
999 _c49573
_d49573